000 00562nam a2200181Ia 4500
008 090124s9999 xx 000 0 und d
082 _b23966
_a2481
100 _aपाटणकर भाऊसाहेब
245 _a मराठी मुशायरा
250 _a2
260 _c1983
300 _a66
600 _aपाटणकर भाऊसाहेब
630 _a मराठी मुशायरा
700 _aपाटणकर भाऊसाहेब
730 _a मराठी मुशायरा
942 _cBOOK
999 _c137546
_d137546